Hlavu vzhůru po rozvodu?! : cesta k fungujícímu rodičovskému týmu /

Uložené v:
Podrobná bibliografia
Hlavní autori: Mikulková, Milena, 1963- (Author), Nováková. Markéta, 1978- (Author), Poláková, Pavla, 1973- (Author), Pazerini, Olga, 1954- (Author, Illustrator)
Médium: Kniha
Jazyk:Czech
Vydané: Praha : Grada Publishing, 2021.
Vydanie:První vydání
Témy:
ISBN: 9788027117024
Fyzický popis: 229 strán : ilustrácie ; 24 cm.
Tagy: Pridať tag
Žiadne tagy, Buďte prvý kto otaguje tento záznam!

MARC

LEADER 00000nam a2200000 i 4500
001 000675708
005 20220217083144.0
008 211006s2021 xr a g 000 0dcze d
020 |a 9788027117024  |q (brožované) 
040 |a SVKKK  |b slo  |c SVKKK  |e rda 
041 0 |a cze 
044 |a xr  |c CZ 
072 7 |a 364  |x Sociálne problémy vyžadujúce podporu a pomoc. Sociálne zabezpečenie  |2 konspekt 
080 |a 364.642  |2 2011 
080 |a 316.48:316.362  |2 2011 
080 |a 347.515.1  |2 2011 
080 |a 316.362.1-055.52-055.62  |2 2011 
080 |a 316.346.32-053.2-058.836.2  |2 2011 
080 |a (035)  |2 2011 
100 1 |a Mikulková, Milena,  |d 1963-  |4 aut 
245 1 0 |a Hlavu vzhůru po rozvodu?! :  |b cesta k fungujícímu rodičovskému týmu /  |c Milena Mikulková a kol. ; ilustrace Olga Pazerini. 
250 |a První vydání 
264 1 |a Praha :  |b Grada Publishing,  |c 2021. 
300 |a 229 strán :  |b ilustrácie ;  |c 24 cm. 
336 |a text  |b txt  |2 rdacontent 
337 |a bez média  |b n  |2 rdamedia 
338 |a zväzok  |b nc  |2 rdacarrier 
500 |a Obsahuje biografické údaje o autoroch 
504 |a Bibliografia na strane 227-229 
650 0 7 |a rozvod  |2 SVKKKPH 
650 0 7 |a rodinné konflikty  |2 SVKKKPH 
650 0 7 |a rodičovská zodpovednosť  |2 SVKKKPH 
650 0 7 |a rodičia a deti  |2 SVKKKPH 
650 0 7 |a deti rozvedených rodičov  |2 SVKKKPH 
650 0 7 |a family conflicts  |2 SVKKKPHeng 
650 0 7 |a parental responsibility  |2 SVKKKPHeng 
650 0 7 |a parents and children  |2 SVKKKPHeng 
650 0 7 |a children of divorced parents  |2 SVKKKPHeng 
650 0 7 |a divorce  |2 SVKKKPHeng 
655 7 |a príručky  |2 SVKKKPH 
655 7 |a handbooks and manuals  |2 SVKKKPHeng 
700 1 |a Pazerini, Olga,  |d 1954-  |4 ill 
700 1 |a Nováková. Markéta,  |d 1978-  |4 aut 
700 1 |a Poláková, Pavla,  |d 1973-  |4 aut 
700 1 |a Pazerini, Olga,  |d 1954-  |4 aut 
910 |a svkkk 
919 |a 978-80-271-1702-4 
998 |a BK 
090 |g SCKHL  |k Sklad Hlavná 10 prízemie  |a IV.241649  |j 1114166  |i 2720824783  |s Absenčne